| 000 | 00547nam a22002057a 4500 | ||
|---|---|---|---|
| 999 |
_c523 _d523 |
||
| 003 | OSt | ||
| 005 | 20250926020003.0 | ||
| 008 | 140925b xxu||||| |||| 00| 0 eng d | ||
| 020 | _a0071244581 | ||
| 040 | _cDDC | ||
| 082 |
_222 Ed _a621.3 KAS 2006 |
||
| 100 |
_aKasap, S.O _91352 |
||
| 245 | _aPrinciples of Electronic Materials and Devices | ||
| 250 | _a3rd Ed | ||
| 260 |
_aBoston; _bMcGraw-Hill, _c2006 |
||
| 300 |
_axii,874p; _bill, _c26cm |
||
| 504 | _aAppendix, & index included | ||
| 650 |
_aElectronic devices _9633 |
||
| 942 |
_2z _cB_BANK _02 |
||